000 00469nam a22001817a 4500
003 BUBTL
008 230403b ||||| |||| 00| 0 eng d
041 _aEnglish
082 _a346.41066/ G7477m/
100 _95290
_aGower, L. C. B.
245 _aThe Principles of Modern Company law/
_bL. C. B. Gower
250 _a1st edn.
300 _a716p. :
_b23 cm.
650 _aLaw
856 _k0
_l0
_yDownload
942 _2ddc
_cBK
999 _c7019
_d7019